Sports Quiz

Random Sports or WWE Quiz

No ****+ Matches I Quiz Stats

 Plays Quiz not verified by Sporcle

Score 0/20 Timer 03:00
1 Play Today
% Correct
The Great Khali
69.8%
Giant Gonzalez
66.8%
Disco Inferno
62.1%
Chris Masters
62.1%
Godfather
61.2%
Ahmed Johnson
60.1%
Alex Riley
59.5%
Nia Jax
59.1%
Val Venis
55.7%
Brian Adams
53%
% Correct
Alex Wright
51.5%
Road Dogg
51.5%
D-Lo Brown
51.3%
Vampiro
47.3%
Beth Phoenix
46.1%
Bruno Sammartino
45%
Alundra Blayze
44.5%
Trish Stratus
41.6%
Atsushi Onita
37.2%
Ted DiBiase
36.6%

You're not logged in!

Compare scores with friends on all Sporcle quizzes.
OR
Log In

Sporcle TV

Today on Sporcle TV


Watch our educational content, quiz creation guides, and fun videos on Sporcle TV.

Show Comments

Extras

Top Quizzes Today


Score Distribution

Your Account Isn't Verified!

In order to create a playlist on Sporcle, you need to verify the email address you used during registration. Go to your Sporcle Settings to finish the process.

Report this User

Report this user for behavior that violates our Community Guidelines.

Details: